دور التحول الرقمي في تحسين اجراءات تنفيذ عملية التدقيق الداخلي في المحاكم النظامية في الأردن = The Role of Digital Transformation in Improving the Implementation of Internal Audit Procedures in the Judicial Courts of Jordan (Record no. 33981)
[ view plain ]
| 000 -LEADER | |
|---|---|
| fixed length control field | 01068nam a22001937a 4500 |
| 003 - CONTROL NUMBER IDENTIFIER | |
| control field | JO-AjAnu |
| 005 - DATE AND TIME OF LATEST TRANSACTION | |
| control field | 20250922225835.0 |
| 008 - FIXED-LENGTH DATA ELEMENTS--GENERAL INFORMATION | |
| fixed length control field | 250922b jo ||||| |||| 00| 0 ara d |
| 040 ## - CATALOGING SOURCE | |
| Original cataloging agency | ANU |
| Transcribing agency | JO-AjAnu |
| 041 ## - LANGUAGE CODE | |
| Language code of original | ARA |
| 100 ## - MAIN ENTRY--PERSONAL NAME | |
| Personal name | جرادات، شفاء قاسم محمد |
| Relator term | معد |
| 9 (RLIN) | 66655 |
| 245 ## - TITLE STATEMENT | |
| Title | دور التحول الرقمي في تحسين اجراءات تنفيذ عملية التدقيق الداخلي في المحاكم النظامية في الأردن = The Role of Digital Transformation in Improving the Implementation of Internal Audit Procedures in the Judicial Courts of Jordan |
| Statement of responsibility, etc. | / اعداد شفاء قاسم محمد جرادات؛ اشراف مهند محمد العبيني |
| 260 ## - PUBLICATION, DISTRIBUTION, ETC. | |
| Date of publication, distribution, etc. | 2025 |
| 300 ## - PHYSICAL DESCRIPTION | |
| Extent | 128 ورقة |
| 500 ## - GENERAL NOTE | |
| General note | رسالة جامعية (رسالة ماجستير في المحاسبة) كلية الأعمال / جامعة عجلون الوطنية؛ 2025 |
| 650 ## - SUBJECT ADDED ENTRY--TOPICAL TERM | |
| Form subdivision | المحاكم النظامية-الأردن |
| 700 ## - ADDED ENTRY--PERSONAL NAME | |
| Personal name | العبيني، مهند محمد |
| 9 (RLIN) | 64945 |
| Relator term | مشرف |
| 942 ## - ADDED ENTRY ELEMENTS (KOHA) | |
| Source of classification or shelving scheme | Library of Congress Classification |
| Koha item type | Thesis |
| Suppress in OPAC | No |
No items available.